| 000 | 00879nam a2200277 i 4500 | ||
|---|---|---|---|
| 003 | EG-GICUC | ||
| 005 | 20260411112215.0 | ||
| 008 | 260411s1931 us ||||fr|||| 001 0 eng d | ||
| 040 |
_aEG-GiCUC _beng _cEG-GiCUC _dEG-GiCUC _erda |
||
| 082 | 0 | 4 |
_221 _a341.73 _bCA |
| 092 | 0 | 4 | _221 |
| 099 | _aLaw1 11 341.73 CA 1931 | ||
| 245 | 0 | 0 |
_aCarnegie Endowment for International Peace. _c |
| 264 | 1 |
_aWashington : _bPublished by the Endowment, _c1931. |
|
| 300 |
_a245pages : _billustrations, _c24 cm |
||
| 336 |
_2rda content _atext |
||
| 337 |
_2rda media _aComputer |
||
| 338 |
_2rda carrier _aOnline Resource |
||
| 504 | _aIncludes bibliographical references and index. | ||
| 546 | _aText in English | ||
| 650 | 1 | 4 |
_aPublic international law _2 |
| 651 | 1 | _2 | |
| 856 | 4 | 0 | _uhttps://fll.law.cu.edu.eg/fulltext/bks/B11-05544.pdf |
| 905 | _a50 | ||
| 942 |
_2ddc _cBK _e21 _n0 |
||
| 999 |
_c70055 _d70055 |
||